[Event "29th TCh-IRQ 2017"]
[Site "masterchessopen.com Baghdad IRQ"]
[Date "2017.03.24"]
[Round "10"]
[White "Zozek,S"]
[Black "Jabbar,Ra"]
[Result "1-0"]
[WhiteElo "2289"]
[BlackElo "1725"]
[EventType "team"]

1.d4 d5 2.c4 e6 3.Nc3 Nf6 4.cxd5 exd5 5.Bg5 Bb4 6.a3 Bxc3+ 7.bxc3 c6 8.Qc2
Nbd7 9.e3 O-O 10.Bd3 Re8 11.Bxh7+ Kh8 12.Bd3 c5 13.Nf3 Qa5 14.O-O c4 15.Bf5
Ne4 16.Rfc1 g6 17.Bh3 f6 18.Bf4 Nf8 19.Bxc8 Raxc8 20.Nd2 g5 21.Nxe4 Rxe4
22.Bd6 Kg7 23.Rab1 Qa6 24.Bxf8+ Rxf8 25.Qb2 b6 26.a4 f5 27.Qb5 Qb7 28.a5 Rf6
29.Qc5 f4 30.Rb5 fxe3 31.f3 Re7 32.Qxd5 Qxd5 33.Rxd5 Kg6 34.h3 Rf5 35.Rd6+ Rf6
36.Rxf6+ Kxf6 37.axb6 axb6 38.Kf1 Kf5 39.g3 Rh7 40.Re1 Re7 41.Ke2 Rh7 42.Rh1
Re7 43.Rb1 Re6 44.Rb5+ Kg6 45.Rb4 Kf5 46.Rxc4 Rh6 47.Rb4 Rxh3 48.Rb5+ Kg6
49.Rxb6+ Kg7 50.g4 {#r} 1-0

[Event "29th TCh-IRQ 2017"]
[Site "masterchessopen.com Baghdad IRQ"]
[Date "2017.03.24"]
[Round "10"]
[White "Harith,S"]
[Black "Sadek,S"]
[Result "0-1"]
[WhiteElo "2057"]
[BlackElo "2315"]
[EventType "team"]

1.e4 c5 2.d4 cxd4 3.c3 dxc3 4.Nxc3 e6 5.Bc4 a6 6.Nf3 b5 7.Bb3 Bb7 8.Qe2 d6
9.O-O Nd7 10.Rd1 Ngf6 11.a3 Rc8 12.Bf4 Rxc3 13.bxc3 Nxe4 14.Qe1 Qf6 15.Bd2
Nec5 16.Nd4 Qg6 17.Qf1 Be4 18.Ba2 Be7 19.f3 Bd3 20.Qf2 O-O 21.Bb1 Ne5 22.Bxd3
Nexd3 23.Qf1 Rc8 24.Be1 e5 25.Ne2 d5 26.Nc1 e4 27.fxe4 dxe4 28.Ne2 Nxe1
29.Qxe1 Nd3 {#R} 0-1

[Event "TCh-AUT 2nd Mitte 2016-17"]
[Site "masterchessopen.com Austria AUT"]
[Date "2017.03.24"]
[Round "9.1"]
[White "Teuschler,Barbara"]
[Black "Hiermann,D"]
[Result "1-0"]
[WhiteElo "2186"]
[BlackElo "2292"]
[EventType "team"]

1.e4 e5 2.Nf3 Nc6 3.Bc4 Bc5 4.c3 Nf6 5.d3 O-O 6.O-O d6 7.Bb3 Ne7 8.h3 Ng6
9.Re1 Bb6 10.Nbd2 c6 11.Nf1 d5 12.Qc2 dxe4 13.dxe4 Nh5 14.Bg5 Qc7 15.Be3 c5
16.Bc4 h6 17.Rad1 Qe7 18.Bc1 Qf6 19.Ne3 Nhf4 20.Ng4 Qe7 21.Bxf4 exf4 22.e5 Nh4
23.Nf6+ gxf6 24.Nxh4 f5 25.Ng6 Qg5 26.Nxf8 f3 27.g3 Kxf8 28.Qd3 f4 29.Qxf3
Bxh3 30.Qxb7 Qg6 31.Qxa8+ Kg7 32.Qe4 {#r} 1-0

[Event "TCh-AUT 2nd Mitte 2016-17"]
[Site "masterchessopen.com Austria AUT"]
[Date "2017.03.24"]
[Round "9.1"]
[White "Taggatz,M"]
[Black "Kastner,W"]
[Result "0-1"]
[WhiteElo "2193"]
[BlackElo "2199"]
[EventType "team"]

1.Nf3 d5 2.g3 Nf6 3.Bg2 e6 4.O-O Be7 5.c4 O-O 6.d4 c6 7.Qc2 b6 8.Nbd2 Bb7 9.e4
Na6 10.Rd1 Nb4 11.Qb1 a5 12.a3 Na6 13.Ne5 Qc7 14.b3 c5 15.Bb2 cxd4 16.Bxd4 Bd6
17.Nef3 dxe4 18.Ng5 Rad8 19.Ndxe4 Bxe4 20.Bxe4 Be5 21.Nf3 Bxd4 22.Rxd4 Rxd4
23.Nxd4 Qe5 24.Bb7 Nc5 25.Nc6 Qc7 26.Nxa5 Nxb7 27.Nxb7 Qxb7 28.Qe1 Rd8 29.Rd1
Rd7 30.Rxd7 Qxd7 31.Qe5 Qd8 32.a4 h5 33.Qb5 Qd4 34.h3 g6 35.Qg5 Ne4 36.Qf4 e5
37.Qf3 Kg7 38.Kg2 Nd2 {#R} 0-1

[Event "TCh-AUT 2nd Mitte 2016-17"]
[Site "masterchessopen.com Austria AUT"]
[Date "2017.03.24"]
[Round "9.2"]
[White "Frosch,R"]
[Black "Knoll,H"]
[Result "0-1"]
[WhiteElo "2215"]
[BlackElo "2332"]
[EventType "team"]

1.d4 Nf6 2.Nf3 e6 3.e3 b6 4.Bd3 Bb7 5.O-O Be7 6.b3 O-O 7.Bb2 Ne4 8.Nfd2 d5
9.Qe2 Nd7 10.f3 Nd6 11.c4 c5 12.cxd5 exd5 13.dxc5 Nxc5 14.Nc3 Bf6 15.Rfd1 Re8
16.Nf1 Qe7 17.Qf2 Qe6 18.Rac1 Rad8 19.Bb1 Nf5 20.Bxf5 Qxf5 21.Nb5 Bxb2 22.Qxb2
Qd7 23.Nd4 Ba6 24.Rc3 Rc8 25.Qd2 Ne6 26.Rxc8 Rxc8 27.Ng3 g6 28.Nde2 Qe7 29.Nc3
Bb7 30.Nxd5 Bxd5 31.Qxd5 Rd8 32.Ne4 Rxd5 33.Rxd5 Nc5 {#R} 0-1

[Event "TCh-AUT 2nd Mitte 2016-17"]
[Site "masterchessopen.com Austria AUT"]
[Date "2017.03.24"]
[Round "9.2"]
[White "Moser,Gue"]
[Black "Manhardt,T"]
[Result "1-0"]
[WhiteElo "2318"]
[BlackElo "2210"]
[EventType "team"]

1.d4 f5 2.Bg5 d5 3.e3 Nf6 4.Bxf6 exf6 5.Bd3 Be6 6.Ne2 Qd7 7.Nd2 Nc6 8.a3 Ne7
9.O-O g6 10.b3 Bh6 11.c4 O-O 12.Rc1 Bf7 13.Qc2 c6 14.a4 Rfe8 15.Rfe1 Rad8
16.c5 Kh8 17.b4 Qc7 18.g3 Qd7 19.f4 Ng8 20.Kf2 Bf8 21.Nf3 h5 22.b5 Nh6 23.h3
Kg7 24.Nc3 Be7 25.a5 Rb8 26.a6 bxa6 27.bxc6 Qxc6 28.Ra1 Qd7 29.Rxa6 Rec8
30.Rb1 g5 31.fxg5 fxg5 32.Ne5 Qc7 33.Rxh6 Kxh6 34.Nxf7+ Kg7 35.Ne5 Bxc5
36.Rxb8 Rxb8 37.Nxd5 Qb7 38.Qxc5 Qb2+ 39.Be2 {#r} 1-0

[Event "TCh-AUT 2nd Mitte 2016-17"]
[Site "masterchessopen.com Austria AUT"]
[Date "2017.03.24"]
[Round "9.2"]
[White "Wanderer,T"]
[Black "Ennsberger,U"]
[Result "0-1"]
[WhiteElo "2204"]
[BlackElo "2285"]
[EventType "team"]

1.e4 c5 2.Nc3 a6 3.g3 b5 4.Bg2 Bb7 5.d3 Nf6 6.Nf3 b4 7.Ne2 d6 8.O-O Nbd7 9.b3
g6 10.Bb2 Bg7 11.h3 O-O 12.a4 e6 13.Rb1 Qc7 14.Qd2 d5 15.exd5 exd5 16.Qf4 Qb6
17.Qh4 Rfe8 18.Rfe1 h6 19.g4 Re7 20.Ng3 Rae8 21.Rxe7 Rxe7 22.g5 hxg5 23.Qxg5
Qd6 24.Re1 Rxe1+ 25.Nxe1 Nf8 26.Qe5 Qxe5 27.Bxe5 Ne6 28.Nf1 Nd7 29.Bxg7 Kxg7
30.Ne3 Nf4 31.Bf1 Ne5 32.Kh2 f5 33.N1g2 Nh5 34.Be2 d4 35.Nxf5+ Kf6 36.Nd6 Bd5
37.Bxh5 gxh5 38.Nf4 Bf3 39.Kg3 Bd1 40.Ne4+ Kf5 41.Nxc5 h4+ 42.Kxh4 Kxf4
43.Ne6+ Kf3 44.Nxd4+ Kxf2 45.Kg5 Nf3+ 46.Nxf3 Kxf3 47.Kf5 Ke3 48.Ke5 Bxc2
49.Kd5 Kxd3 50.Kc5 Kc3 {#R} 0-1

[Event "TCh-AUT 2nd Mitte 2016-17"]
[Site "masterchessopen.com Austria AUT"]
[Date "2017.03.24"]
[Round "9.2"]
[White "Mostbauer,Florian"]
[Black "Ofner,Maximilian"]
[Result "0-1"]
[WhiteElo "2261"]
[BlackElo "2189"]
[EventType "team"]

1.d4 d5 2.Bf4 c5 3.e3 cxd4 4.exd4 Nc6 5.c3 Bf5 6.Qb3 Qd7 7.Nf3 e6 8.Nbd2 Bd6
9.Bxd6 Qxd6 10.Nh4 Nf6 11.Bb5 Be4 12.O-O O-O 13.f3 Qf4 14.fxe4 Qxd2 15.e5 Qe3+
16.Kh1 Ne4 17.Qc2 Qh6 18.Nf3 Ng3+ 19.Kg1 Nxf1 20.Rxf1 a6 21.Bd3 Rac8 22.Qe2 f6
23.exf6 Rxf6 24.g4 Qh3 25.g5 Rf4 26.Kh1 Rcf8 27.Nd2 Rxf1+ 28.Nxf1 Qf3+ 29.Kg1
Qxe2 30.Bxe2 Kf7 31.Ng3 Ke7 32.Bd3 h6 33.g6 e5 34.Nh5 e4 35.Be2 Rf5 36.h4 Rxh5
37.Bxh5 Kf6 38.Kf2 Ne7 39.Ke3 Nf5+ 40.Kf4 Nxh4 41.c4 Nxg6+ 42.Ke3 Ne7 43.cxd5
Nf5+ 44.Kd2 Nxd4 45.Kc3 Ke5 46.Kc4 Nf5 47.Kc5 e3 {#R} 0-1

[Event "TCh-AUT 2nd Mitte 2016-17"]
[Site "masterchessopen.com Austria AUT"]
[Date "2017.03.24"]
[Round "9.3"]
[White "Rieger,R"]
[Black "Stradner,Stefan"]
[Result "0-1"]
[WhiteElo "2287"]
[BlackElo "2204"]
[EventType "team"]

1.Nf3 Nf6 2.g3 g6 3.b3 Bg7 4.Bb2 d6 5.d4 c5 6.d5 O-O 7.c4 b5 8.Nbd2 bxc4
9.bxc4 Nbd7 10.Qc2 Rb8 11.Bc3 Nb6 12.e4 e6 13.Bd3 exd5 14.cxd5 c4 15.Be2 Re8
16.Nd4 Bd7 17.f3 Qe7 18.Nxc4 Nfxd5 19.Nxb6 Nxc3 20.Nxd7 Nxe2 21.Kxe2 Qxd7
22.Rad1 d5 23.Nb3 Qb5+ 24.Kf2 dxe4 25.fxe4 Rbc8 26.Qb1 Rc3 27.Rhe1 Qh5 28.Kg1
Bh6 29.Rd3 Rec8 30.Qd1 Qxd1 31.Rexd1 Rc2 32.Rd8+ Rxd8 33.Rxd8+ Kg7 34.a4 Rc4
35.a5 Rxe4 36.Kf2 Re3 37.Nd4 Rc3 38.Ke2 Rc5 39.a6 Ra5 40.Rd6 Bg5 41.Kd3 Bf6
42.Nb3 Ra2 43.Kc4 Be5 44.Rd7 Rxa6 45.Nc5 Ra2 46.Ne6+ Kf6 47.Nd8 Rc2+ {#R} 0-1

[Event "TCh-AUT 2nd Mitte 2016-17"]
[Site "masterchessopen.com Austria AUT"]
[Date "2017.03.24"]
[Round "9.4"]
[White "Karner,C"]
[Black "Toefferl,H"]
[Result "1-0"]
[WhiteElo "2310"]
[BlackElo "2042"]
[EventType "team"]

1.d4 e6 2.c4 d5 3.Nc3 f5 4.Bf4 c6 5.e3 Nf6 6.Nf3 Be7 7.Bd3 O-O 8.O-O Ne4 9.Rc1
Bd7 10.h3 Be8 11.Ne5 Nd7 12.cxd5 exd5 13.f3 Nd6 14.Qc2 Kh8 15.Na4 g5 16.Nxd7
Bxd7 17.Be5+ Kg8 18.Nc5 Bc8 19.e4 b6 20.Nb3 fxe4 21.fxe4 dxe4 22.Qxc6 exd3
23.Qxa8 Nf7 24.Bc7 Qd7 25.Qxa7 Qd5 26.Rf2 Nd6 27.Bxd6 Rxf2 28.Rxc8+ Rf8
29.Rxf8+ Bxf8 30.Bxf8 Kxf8 31.Qxh7 d2 32.Qd3 {#r} 1-0

[Event "TCh-AUT 2nd Mitte 2016-17"]
[Site "masterchessopen.com Austria AUT"]
[Date "2017.03.24"]
[Round "9.5"]
[White "Rolletschek,H"]
[Black "Wertjanz,Dav"]
[Result "0-1"]
[WhiteElo "2136"]
[BlackElo "2332"]
[EventType "team"]

1.e4 c5 2.Nf3 d6 3.d4 cxd4 4.Qxd4 e5 5.Bb5+ Nd7 6.Qd3 a6 7.Bxd7+ Bxd7 8.c4 Rc8
9.Nc3 Qc7 10.b3 b5 11.Nd5 Qc6 12.Nd2 Ne7 13.Ba3 Nxd5 14.cxd5 Qb6 15.Rc1 Rxc1+
16.Bxc1 Be7 17.O-O O-O 18.Bb2 f5 19.Qe3 Qb7 20.f3 Bd8 21.Kh1 Bb6 22.Qd3 fxe4
23.Nxe4 Bf5 24.Rc1 Bxe4 25.fxe4 Qf7 26.Ba3 Qg6 27.Qg3 Qh6 28.Qd3 b4 29.Bb2 Bc5
30.Rd1 Qg6 31.Bc1 Rf2 32.Qh3 h6 33.Qe6+ Qxe6 34.dxe6 Kf8 {#R} 0-1

[Event "TCh-AUT 2nd Mitte 2016-17"]
[Site "masterchessopen.com Austria AUT"]
[Date "2017.03.24"]
[Round "9.5"]
[White "Singer,H"]
[Black "Topf,C"]
[Result "1-0"]
[WhiteElo "2184"]
[BlackElo "2015"]
[EventType "team"]

1.d4 e6 2.c4 f5 3.Nf3 b6 4.g3 Bb7 5.Bg2 Bb4+ 6.Bd2 Bxd2+ 7.Qxd2 Nf6 8.O-O O-O
9.Nc3 Ne4 10.Nxe4 Bxe4 11.Rac1 d6 12.Ng5 Bxg2 13.Kxg2 Re8 14.d5 e5 15.Ne6 Qe7
16.f4 e4 17.b4 Na6 18.a3 c5 19.Qc3 Rec8 20.bxc5 Nxc5 21.Nd4 Qf6 22.Nc6 Kf7
23.h3 g6 24.g4 h6 25.Qxf6+ Kxf6 26.Rc3 Rc7 27.Kf2 h5 28.gxh5 gxh5 29.Rg1 Rg7
30.Rxg7 Kxg7 31.Rg3+ Kf6 32.Rg5 Rh8 33.Nd4 e3+ 34.Kf3 Re8 35.Rxf5+ Kg6 36.Rg5+
Kf6 37.Rxh5 Re4 38.Rh6+ Kf7 39.Nf5 Rxc4 40.Nxd6+ Kg7 41.Nxc4 {#r} 1-0

[Event "TCh-AUT 2nd Mitte 2016-17"]
[Site "masterchessopen.com Austria AUT"]
[Date "2017.03.24"]
[Round "9.6"]
[White "Kilgus,G"]
[Black "Horvath,P1"]
[Result "1-0"]
[WhiteElo "2413"]
[BlackElo "2423"]
[EventType "team"]

1.Nf3 d5 2.g3 c6 3.Bg2 Bg4 4.h3 Bxf3 5.Bxf3 e5 6.d3 f5 7.e4 dxe4 8.dxe4 Qxd1+
9.Kxd1 fxe4 10.Bxe4 Nf6 11.Nd2 Bc5 12.Ke2 O-O 13.Rf1 Nbd7 14.c3 a5 15.a4 Rad8
16.Bc2 e4 17.Nc4 b6 18.Bg5 h6 19.Bxf6 Nxf6 20.Rad1 Rxd1 21.Bxd1 Re8 22.Re1 Nd5
23.Bb3 Kf8 24.h4 Re6 25.Ne3 Bxe3 26.Bxd5 cxd5 27.Kxe3 Ke7 28.Rd1 Re5 29.c4
dxc4 30.Rd4 Rc5 31.Rxe4+ Kd6 32.Kd4 Rf5 33.f4 g5 34.hxg5 hxg5 35.Re5 {#r} 1-0

[Event "TCh-AUT 2nd Mitte 2016-17"]
[Site "masterchessopen.com Austria AUT"]
[Date "2017.03.24"]
[Round "9.6"]
[White "Schwabeneder,Florian"]
[Black "Dietmayer Kraeutler,M"]
[Result "1-0"]
[WhiteElo "2344"]
[BlackElo "2281"]
[EventType "team"]

1.e4 e5 2.Nf3 Nc6 3.Bb5 a6 4.Ba4 Nf6 5.O-O Be7 6.Re1 b5 7.Bb3 d6 8.a4 b4 9.d4
Bg4 10.dxe5 dxe5 11.Qxd8+ Rxd8 12.Nbd2 Bc5 13.Bc4 Bc8 14.Nb3 Bb6 15.a5 Bd4
16.Nbxd4 Nxd4 17.Nxd4 Rxd4 18.Bd3 Nd7 19.Be3 Rd6 20.Rad1 Bb7 21.f3 Ke7 22.Bc4
f6 23.Rxd6 Kxd6 24.Rd1+ Ke7 25.Rd3 c5 26.Kf2 Bc6 27.c3 bxc3 28.Rxc3 Rb8 29.Rc2
Bb5 30.Bd5 Ba4 31.Rd2 Rb5 32.Bc6 Rxb2 33.Bxa4 {#r} 1-0

[Event "TCh-AUT 2nd Mitte 2016-17"]
[Site "masterchessopen.com Austria AUT"]
[Date "2017.03.24"]
[Round "9.6"]
[White "Lentrodt,T"]
[Black "Schein,KH"]
[Result "1-0"]
[WhiteElo "2255"]
[BlackElo "2218"]
[EventType "team"]

1.d4 e6 2.c4 f5 3.g3 Nf6 4.Bg2 Be7 5.Nf3 O-O 6.O-O d6 7.b3 Nc6 8.Bb2 a5 9.Nc3
Ne4 10.d5 Nxc3 11.Bxc3 exd5 12.cxd5 Nb8 13.Nd4 Bf6 14.Rc1 Bd7 15.e4 c5 16.dxc6
Nxc6 17.Nxf5 Bxc3 18.Rxc3 Bxf5 19.exf5 Rxf5 20.Bxc6 bxc6 21.Rxc6 d5 22.Qd4 Rc8
23.Rfc1 Rxc6 24.Rxc6 Rf6 25.Rxf6 gxf6 26.a3 Kf7 27.h4 Qd7 28.b4 axb4 29.axb4
Qb5 30.h5 Ke6 31.Kg2 Qa4 32.Qe3+ Kf7 33.Qc5 Ke6 34.Qf8 Qc2 35.Qe8+ Kd6 36.b5
Qc7 37.Qe3 Qc5 38.Qh6 Qxb5 39.Qxf6+ Kc5 40.Qe7+ Kc4 41.Qxh7 d4 42.Qc2+ Kb4
43.Qb2+ Kc4 44.Qxb5+ Kxb5 {#r} 1-0

[Event "TCh-SWE Elitserien"]
[Site "masterchessopen.com Sweden SWE"]
[Date "2017.03.24"]
[Round "7.2"]
[White "Hedman,E"]
[Black "Olsson,Li"]
[Result "1-0"]
[WhiteElo "2365"]
[BlackElo "2286"]

1.d4 d5 2.c4 e6 3.Nf3 c6 4.Qc2 f5 5.g3 Nf6 6.Bg2 Bd6 7.O-O O-O 8.Nc3 a6 9.c5
Bc7 10.Bf4 Bxf4 11.gxf4 Bd7 12.Qb3 Qc7 13.Na4 Be8 14.Nb6 Ra7 15.Ne5 Nbd7 16.e4
Nxe4 17.Nbxd7 Bxd7 18.Qb6 {#r} 1-0

[Event "TCh-SWE Elitserien"]
[Site "masterchessopen.com Sweden SWE"]
[Date "2017.03.24"]
[Round "7.3"]
[White "Malesevic,N"]
[Black "Schneider,Stef"]
[Result "0-1"]
[WhiteElo "2253"]
[BlackElo "2346"]

1.d4 Nf6 2.c4 e6 3.Nf3 Bb4+ 4.Nbd2 O-O 5.a3 Be7 6.e4 d6 7.Bd3 e5 8.d5 Nh5 9.g3
Nd7 10.b4 g6 11.Bb2 Ng7 12.g4 h5 13.h3 a5 14.Nf1 Nf6 15.N3h2 Nh7 16.Ng3 h4
17.Ngf1 Bg5 18.Nf3 Bf4 19.Ne3 Bxe3 20.fxe3 Ng5 21.Qe2 c6 22.dxc6 bxc6 23.b5
N7e6 24.a4 Bb7 25.Rd1 Qf6 26.Nxh4 cxb5 27.Rf1 Qh8 28.Nf3 Qxh3 29.Nxg5 Nxg5
30.axb5 Bxe4 31.Bxe4 Nxe4 32.Qf3 Qh4+ 33.Ke2 Qh2+ 34.Ke1 Qh4+ 35.Ke2 Ng3+
36.Kd2 Qh2+ 37.Kc3 Nxf1 38.Qxf1 Rac8 39.Rxd6 Qg3 40.Qe2 Rfd8 41.Rxd8+ Rxd8
42.c5 e4 43.Kc2 Qf3 44.Qe1 Rd3 45.c6 Qg2+ 46.Kc1 Rb3 {#R} 0-1

[Event "TCh-SWE Elitserien"]
[Site "masterchessopen.com Sweden SWE"]
[Date "2017.03.24"]
[Round "7.1"]
[White "Pantzar,Milton"]
[Black "Bengtsson,Jonas"]
[Result "1-0"]
[WhiteElo "2100"]
[BlackElo "2084"]

1.d4 Nf6 2.c4 e6 3.Nc3 Bb4 4.e3 O-O 5.Ne2 d5 6.a3 Bd6 7.Ng3 c5 8.dxc5 Bxc5
9.b4 Bb6 10.Bb2 Nc6 11.c5 Bc7 12.Be2 e5 13.O-O Be6 14.f4 a6 15.Qc2 exf4
16.exf4 Nd4 17.Qd3 Nxe2+ 18.Ncxe2 Bd7 19.Bxf6 Qxf6 20.Nc3 Bc6 21.Nxd5 Bxd5
22.Qxd5 b6 23.Kh1 bxc5 24.Qxc5 Rac8 25.Rac1 h6 26.Qc6 Qb2 27.Qxa6 Ra8 28.Qc6
Rfc8 29.Nf5 {#r} 1-0

[Event "TCh-SWE Elitserien"]
[Site "masterchessopen.com Sweden SWE"]
[Date "2017.03.24"]
[Round "7.5"]
[White "Urkedal,F"]
[Black "Lindgren,M"]
[Result "1-0"]
[WhiteElo "2549"]
[BlackElo "2241"]

1.d4 e6 2.c4 f5 3.g3 Nf6 4.Bg2 Be7 5.Nc3 O-O 6.Qc2 Nc6 7.Nf3 d6 8.d5 Nb4 9.Qb1
e5 10.a3 Na6 11.b4 Qe8 12.Bb2 Qh5 13.Qc2 Bd7 14.h3 Rae8 15.g4 fxg4 16.hxg4
Qxg4 17.Bh3 Qg6 18.Qxg6 hxg6 19.Bxd7 Nxd7 20.Nd2 c6 21.e3 Rf5 22.Ke2 Ref8
23.Rh2 Nc7 24.Rg1 g5 25.Nde4 cxd5 26.cxd5 Nb6 27.Rd1 Rc8 28.Ng3 Rf6 29.e4 Rh6
30.Rg2 g6 31.Nf1 Ne8 32.Ne3 Nf6 33.Rgg1 Nh5 34.Kd2 Nf4 35.Rh1 Rh4 36.f3 Kg7
37.Ne2 Nc4+ 38.Nxc4 Rxc4 39.Rxh4 Nxe2 40.Rg4 Nd4 {#r} 1-0

[Event "TCh-SWE Elitserien"]
[Site "masterchessopen.com Sweden SWE"]
[Date "2017.03.24"]
[Round "7.4"]
[White "Markovic,Miros1"]
[Black "Lyrberg,P"]
[Result "0-1"]
[WhiteElo "2466"]
[BlackElo "2460"]

1.e4 e5 2.Nf3 Nc6 3.c3 d6 4.d4 Be7 5.Bb5 Nf6 6.d5 a6 7.Qa4 Rb8 8.Bd3 b5 9.Qc2
Na5 10.b4 Nc4 11.Bxc4 bxc4 12.Nbd2 c6 13.Qa4 Rb5 14.dxc6 Qc7 15.O-O Qxc6
16.Re1 O-O 17.Qc2 Rb8 18.a4 Bb7 19.Rb1 Ba8 20.Ba3 Rfe8 21.h3 Bf8 22.Nh2 Nh5
23.Nhf1 f5 24.Qa2 fxe4 25.Nxc4 d5 26.Nce3 Nf4 27.Ng3 Kh8 28.b5 axb5 29.axb5
Qxc3 30.Bxf8 Rxf8 31.Rec1 Qd4 32.Rc7 Qb6 33.Qa7 Qg6 34.Rbc1 d4 35.Ng4 Qg5
36.b6 h5 37.Nxh5 Nxh5 38.R1c5 e3 39.fxe3 Bxg2 40.Rxe5 Qh4 41.Qa5 Bd5 42.Rxh5+
Qxh5 43.Kh2 Rf3 {#R} 0-1

[Event "TCh-SWE Elitserien"]
[Site "masterchessopen.com Sweden SWE"]
[Date "2017.03.24"]
[Round "7.4"]
[White "Backlund,A"]
[Black "Hillarp Persson,T"]
[Result "0-1"]
[WhiteElo "2314"]
[BlackElo "2513"]

1.e4 g6 2.d4 Bg7 3.Nc3 d6 4.Be3 a6 5.h4 Nf6 6.f3 b5 7.Qd2 h6 8.O-O-O Nbd7
9.Kb1 Nb6 10.Bd3 c6 11.Nh3 b4 12.Ne2 a5 13.Nf2 h5 14.Rdg1 Qc7 15.g4 c5 16.e5
dxe5 17.dxc5 Na4 18.g5 Nd7 19.Bb5 Nxc5 20.Qd5 O-O 21.Qc6 Ra7 22.Ne4 Qxc6
23.Bxc6 Rc7 24.Bxd7 Nxd7 25.Rd1 Bb7 26.Rd2 Bc6 27.Rhd1 Rb8 28.Nc1 a4 29.Nd3
Rcc8 30.b3 f5 31.gxf6 exf6 32.Nb2 axb3 33.axb3 Bxe4 34.fxe4 Nf8 35.Nc4 Rc7
36.Nb6 Ne6 37.Nd5 Rf7 38.Rg2 Kh7 39.Rdg1 Nf8 40.Bc5 Ne6 41.Be3 Nf4 42.Nxf4
exf4 43.Bxf4 Re8 44.e5 fxe5 45.Bd2 e4 46.Bxb4 Ra7 47.c3 Rea8 48.Kc2 Bh6 49.Kd1
Ra1+ 50.Ke2 R8a2# 0-1

[Event "Queen City IM Norm 2017"]
[Site "masterchessopen.com Manchester USA"]
[Date "2017.03.23"]
[Round "1.1"]
[White "Kumar,Nikhil"]
[Black "Ivanov,AV USA"]
[Result "0-1"]
[WhiteElo "2444"]
[BlackElo "2480"]

1.d4 d6 2.c4 e5 3.Nc3 Nc6 4.Nf3 Bg4 5.d5 Nb8 6.Nd2 Be7 7.f3 Bc8 8.e4 Nd7 9.Be2
Bg5 10.Rb1 a5 11.a3 Ngf6 12.b4 axb4 13.axb4 Be3 14.Nb3 Bb6 15.Qd3 O-O 16.Be3
Bxe3 17.Qxe3 Nh5 18.g3 g6 19.O-O Ng7 20.c5 f5 21.Qd2 f4 22.c6 bxc6 23.dxc6 Nb6
24.Nd5 Nxd5 25.Bc4 Kh8 26.Bxd5 fxg3 27.hxg3 Nh5 28.Kg2 Qf6 29.Rf2 g5 30.Nc1
Ra3 31.Rb3 Rxb3 32.Bxb3 Qg6 33.Qe3 Nf4+ 34.Kf1 Nh3 35.Ra2 g4 36.f4 exf4
37.Qd4+ Qg7 38.Qxg7+ Kxg7 39.Ra7 fxg3+ 40.Kg2 Kg6 41.Rxc7 Rf3 42.Bf7+ Kg5
43.Rxc8 Nf4+ 44.Kg1 Rf2 45.Rg8+ Kh4 46.Rxg4+ Kxg4 47.Be6+ Nxe6 {#R} 0-1

[Event "Queen City IM Norm 2017"]
[Site "masterchessopen.com Manchester USA"]
[Date "2017.03.23"]
[Round "1.2"]
[White "Bregadze,L"]
[Black "Gorti,Akshita"]
[Result "1-0"]
[WhiteElo "2453"]
[BlackElo "2215"]

1.d4 e6 2.c4 Nf6 3.a3 b6 4.Nc3 Bb7 5.d5 d6 6.e4 e5 7.Bd3 g6 8.Nge2 Bg7 9.h3
O-O 10.Bg5 Bc8 11.Qd2 a5 12.Rb1 a4 13.Qd1 Bd7 14.g4 Qc8 15.Ng3 Kh8 16.f3 Ng8
17.h4 h6 18.Be3 Qe8 19.Bc2 Kh7 20.h5 g5 21.Nf5 f6 22.Kf2 Rf7 23.Nb5 Bxb5
24.cxb5 Qxb5 25.Bd3 Qd7 26.Qe2 Ne7 27.Bb5 Qd8 28.Qc4 Nxf5 29.gxf5 Qc8 30.Bxb6
Qb7 31.Be3 Ra5 32.Bxa4 Nd7 33.Bc6 Qb8 34.Qc3 Ra6 35.a4 {#r} 1-0

[Event "Queen City IM Norm 2017"]
[Site "masterchessopen.com Manchester USA"]
[Date "2017.03.23"]
[Round "2.1"]
[White "Ivanov,AV USA"]
[Black "Sarkar,J"]
[Result "1-0"]
[WhiteElo "2480"]
[BlackElo "2383"]

1.e4 e5 2.Nf3 Nc6 3.Bb5 a6 4.Ba4 Nf6 5.O-O Nxe4 6.d4 b5 7.Bb3 d5 8.dxe5 Be6
9.Qe2 Be7 10.Rd1 O-O 11.c3 Nc5 12.Bc2 Bg4 13.h3 Bh5 14.b4 Na4 15.Bxa4 bxa4
16.Bf4 Qd7 17.Nbd2 a5 18.b5 Nd8 19.Nf1 Ne6 20.Be3 Bxf3 21.Qxf3 Qxb5 22.Qxd5
Qxd5 23.Rxd5 Rfd8 24.Rad1 Rxd5 25.Rxd5 c6 26.Rd7 Bc5 27.Bxc5 Nxc5 28.Rd6 h5
29.Ng3 h4 30.Nf5 Re8 31.Nxh4 Rxe5 32.Rxc6 a3 33.Nf3 Rd5 34.Rc8+ Kh7 35.Rc7 Ne4
36.Nd4 Nxc3 37.Rxc3 Rxd4 38.Rxa3 a4 39.g3 g5 40.Kg2 Kg6 41.Kf3 Rb4 42.Ke3 f5
43.Rd3 f4+ 44.gxf4 Rxf4 45.Rd4 Rxd4 46.Kxd4 Kh5 47.Ke4 Kh4 48.Kf5 a3 49.f3 Kh5
50.Ke5 {#r} 1-0

[Event "Queen City IM Norm 2017"]
[Site "masterchessopen.com Manchester USA"]
[Date "2017.03.23"]
[Round "2.2"]
[White "Gorti,Akshita"]
[Black "Shmeliov,D"]
[Result "0-1"]
[WhiteElo "2215"]
[BlackElo "2418"]

1.d4 Nf6 2.c4 c5 3.d5 e6 4.Nc3 exd5 5.cxd5 d6 6.e4 g6 7.f3 Bg7 8.Nge2 a6 9.a4
Nbd7 10.Ng3 O-O 11.Be2 Rb8 12.O-O Ne8 13.f4 Nc7 14.Be3 b5 15.axb5 Nxb5 16.Nxb5
axb5 17.e5 dxe5 18.f5 c4 19.Qd2 Nf6 20.fxg6 hxg6 21.Rad1 Bb7 22.Bf3 Re8 23.Be4
Qd6 24.Bg5 Nh7 25.Bh6 Bc8 26.h4 Bg4 27.Ra1 f5 28.Bb1 e4 29.Bf4 Be5 30.Bxe5
Qxe5 31.Ne2 e3 32.Qc2 Nf6 33.Ra6 Rbd8 34.Rd1 Kh7 35.Rb6 Bxe2 36.Qxe2 Ng4
37.Rb7+ Kh6 {#R} 0-1

[Event "Queen City IM Norm 2017"]
[Site "masterchessopen.com Manchester USA"]
[Date "2017.03.23"]
[Round "2.3"]
[White "Kumar,Nikhil"]
[Black "Bregadze,L"]
[Result "0-1"]
[WhiteElo "2444"]
[BlackElo "2453"]

1.d4 Nf6 2.c4 e6 3.Nc3 Bb4 4.e3 O-O 5.Ne2 d5 6.a3 Be7 7.cxd5 exd5 8.Nf4 c6
9.Bd3 Nbd7 10.O-O Re8 11.f3 Nf8 12.b4 Bd6 13.Bd2 Ng6 14.Nfe2 a5 15.Rb1 axb4
16.axb4 b6 17.h3 Bb8 18.e4 dxe4 19.fxe4 c5 20.bxc5 bxc5 21.Bg5 cxd4 22.Nd5 Be5
23.Bb5 Bd7 24.Bxd7 Qxd7 25.Bxf6 gxf6 26.Nb6 Qa7 27.Nxa8 d3+ 28.Nb6 dxe2
29.Qxe2 Bd4+ 30.Kh1 Bxb6 31.Rxf6 Bd4 32.Ra6 Qe7 33.Ra4 Be5 34.Qa2 Qh4 35.Ra7
Re6 36.Ra3 Qf4 37.g3 Qxe4+ 38.Kh2 Rc6 39.Rb2 Bxb2 {#R} 0-1

[Event "Budapest Spring Open 2017"]
[Site "masterchessopen.com Budapest HUN"]
[Date "2017.03.23"]
[Round "6.1"]
[White "Savchenko,B"]
[Black "Stupak,K"]
[Result "1-0"]
[WhiteElo "2613"]
[BlackElo "2561"]
[EventType "swiss"]

1.e4 e6 2.d4 d5 3.Nc3 Nc6 4.e5 f6 5.Nf3 fxe5 6.dxe5 g6 7.h4 Bg7 8.Bg5 Qd7
9.Bb5 h6 10.Bf4 a6 11.Be2 b6 12.a4 Bb7 13.Na2 Nge7 14.b4 Nd8 15.Nh2 Nf7 16.Ng4
Nc6 17.Nf6+ Bxf6 18.exf6 e5 19.Bg3 Qd6 20.O-O Qxf6 21.Qxd5 Nd4 22.Qxb7 Nxe2+
23.Kh2 O-O 24.Rae1 Nd4 25.Nc3 Nxc2 26.Nd5 Qd6 27.Rc1 Rab8 28.Qxa6 Nd4 29.Nxc7
Qxb4 30.Qd3 Qd6 31.Rfd1 Rbc8 32.Qe4 Rcd8 33.Rxd4 Qxd4 34.Qxg6+ {#r} 1-0

[Event "Budapest Spring Open 2017"]
[Site "masterchessopen.com Budapest HUN"]
[Date "2017.03.23"]
[Round "6.2"]
[White "Nabaty,T"]
[Black "Boruchovsky,A"]
[Result "1-0"]
[WhiteElo "2649"]
[BlackElo "2542"]
[EventType "swiss"]

1.c4 e6 2.Nc3 d5 3.d4 Nf6 4.Bg5 Be7 5.e3 Nbd7 6.Rc1 h6 7.Bh4 O-O 8.Nf3 c5
9.dxc5 dxc4 10.c6 Nb6 11.Qxd8 Rxd8 12.Ne5 g5 13.Bg3 Nh5 14.c7 Re8 15.Nxc4 Nxc4
16.Bxc4 Nxg3 17.hxg3 Bf8 18.Ne4 Kg7 19.Bb5 Bb4+ 20.Ke2 Re7 21.a3 Ba5 22.Nd6 a6
23.b4 Bb6 24.Ba4 Kh7 25.Rhd1 Rxc7 26.Rxc7 Bxc7 27.Nxc8 Rxc8 28.Rc1 b5 29.Bc2+
f5 30.Bb3 {#r} 1-0